000 00592nam a2200169Ia 4500
003 GCL
008 140319s9999 xx 000 0 ara d
040 _aGCL /
_cGCL
082 0 4 _a415.1
_bج س
100 1 _aابن جنى : ابوالفتح عثمان الموصلى البغدادى
245 1 0 _aسر صناعة الاعراب /
_cابن جنى : ابوالفتح عثمان الموصلى البغدادى
260 _a[S.N] :
_bدار القلم للنشر والتوزيع ،
_c1993
490 _a
650 0 4 _aالنحو
650 0 4 _aاللغة العربية
942 _2ddc
_cBK
999 _c35107
_d35107